000 00386nam a22001577a 4500
020 _a0669-950475
082 _a530
100 _aDavid G. Martindale
245 _aFundamentals of Physics :A Senior Course
260 _aCanada
_bNewton Frank Arthur Inc.
_c1986
300 _a825 p.
_bill.
500 _aIncludes Index.
650 _aPhysics
700 _aRobert W. Heath
942 _cBK
999 _c12160
_d12160